Riconosci il Pokémon - Quiz n°1014 - Statistics

Statistiche generali
  • Questo quiz è stato fatto 5 volte
  • Il punteggio medio è 7 su 10
Statistiche sulle risposte
Indizio Risposta % Corretto
Tipo Fuoco / Spettro
100%
Generazione Nona
100%
Stadio evoluzione Prima evoluzione
80%
Altezza 1,6 m
60%
Tasso di cattura 25 (7.7%)
60%
Sesso 50% ♂, 50% ♀
60%
Peso 62,0 kg
60%
Pokémon Ceruledge
60%
Abilità Fuocardore; Sottilguscio
60%
Tasso di allevamento Lento
60%
Nessun quiz corrispondente trovato
Distribuzione punteggi
Percentuale di utenti per punteggio
Percentile per numero di risposta
I tuoi punteggi nel tempo
Non hai fatto questo quiz